Catálogo
 En Linea

Marilyn Silverstone / (Registro nro. 40211)

Detalles MARC
000 -CABECERA
campo de control de longitud fija 00836nam a2200253 a 4500
001 - NÚMERO DE CONTROL
campo de control 000040721
005 - FECHA Y HORA DE LA ÚLTIMA TRANSACCIÓN
campo de control 20201002034330.0
008 - DATOS DE LONGITUD FIJA--INFORMACIÓN GENERAL
campo de control de longitud fija 130905s2006 sp 001 0 spa d
020 ## - NÚMERO INTERNACIONAL ESTÁNDAR DEL LIBRO
Número Internacional Estándar del Libro 9788447102600
040 ## - FUENTE DE LA CATALOGACIÓN
Centro catalogador/agencia de origen DO-SdBNP
Lengua de catalogación spa
Centro/agencia transcriptor BNPHU
082 ## - NÚMERO DE LA CLASIFICACIÓN DECIMAL DEWEY
Número de clasificación 770.92
Número de documento/Ítem S587m
100 1# - ENTRADA PRINCIPAL--NOMBRE DE PERSONA
Nombre de persona Silverstone, Marilyn
Fechas asociadas al nombre 1929-1999
9 (RLIN) 67113
245 10 - MENCIÓN DE TÍTULO
Título Marilyn Silverstone /
Mención de responsabilidad, etc. Marilyn Silverstone ; texto Alessandra Mauro.
260 ## - PUBLICACIÓN, DISTRIBUCIÓN, ETC.
Lugar de publicación, distribución, etc. Madrid :
Nombre del editor, distribuidor, etc. Salvat,
Fecha de publicación, distribución, etc. 2006.
300 ## - DESCRIPCIÓN FÍSICA
Extensión 48 p. + 1 Lám ;
Dimensiones 26 cm.
490 1# - MENCIÓN DE SERIE
Mención de serie Grandes fotógrafos
504 ## - NOTA DE BIBLIOGRAFÍA, ETC.
Nota de bibliografía, etc. Incluye indice de fotografías
600 14 - PUNTO DE ACCESO ADICIONAL DE MATERIA--NOMBRE DE PERSONA
Nombre de persona SILVERSTONE, MARILYN
Fechas asociadas al nombre 1929-1999
9 (RLIN) 67114
650 #4 - PUNTO DE ACCESO ADICIONAL DE MATERIA--TÉRMINO DE MATERIA
Término de materia o nombre geográfico como elemento de entrada Fotógrafos
Subdivisión geográfica Gran-Bretaña
9 (RLIN) 67115
700 12 - PUNTO DE ACCESO ADICIONAL--NOMBRE DE PERSONA
Nombre de persona Mauro, Alessandra
9 (RLIN) 67116
710 2# - PUNTO DE ACCESO ADICIONAL--NOMBRE DE ENTIDAD CORPORATIVA
Nombre de entidad corporativa o nombre de jurisdicción como elemento de entrada Magnum Photos
9 (RLIN) 67117
830 #0 - PUNTO DE ACCESO ADICIONAL DE SERIE-TÍTULO UNIFORME
Título uniforme Grandes Fotógrafos
9 (RLIN) 67118
910 ## - DATOS DE OPCIÓN DEL USUARIO (OCLC)
Datos de opción del usuario Validado. Control de calidad MFF
Existencias
Estado de retiro Estado de pérdida Restricciones de uso No para préstamo Código de colección Localización permanente Ubicación/localización actual Ubicación en estantería Fecha de adquisición Número de inventario Total de préstamos Signatura topográfica completa Código de barras Fecha visto por última vez Precio válido a partir de Tipo de ítem Koha
      Excluido de préstamo Monografías: Libros y Folletos General General Depósito 05.09.2013 LF1   770.92 S587m 40721-10 25.06.2020 25.06.2020 No se presta

Con tecnología Koha